| 000 | 00505nam a2200181Ia 4500 | ||
|---|---|---|---|
| 003 | GCL | ||
| 008 | 140319s9999 xx 000 0 eng d | ||
| 040 |
_aGCL / _cGCL |
||
| 082 | 0 | 4 |
_a618.92 _bS P |
| 100 | 1 | _aSCHAEFFER, ANNABELLE V. | |
| 245 | 1 | 0 |
_aPEDIATRICS: PRETEST SELF-ASSESSMENT AND REVIEW / _cSCHAEFFER, ANNABELLE V. |
| 700 | 1 | _aKRAVATH, RICHARD E. | |
| 700 | 1 | _aBENNETT, ARGEL A. | |
| 260 |
_a[S.N] : _bMC GRAW - HILL ، _c1992 |
||
| 300 | _a210 P | ||
| 650 | 0 | 4 | _aPEDIATRICS |
| 942 |
_2ddc _cBK |
||
| 999 |
_c21251 _d21251 |
||